000 00454nam a2200181Ia 4500
005 20250326141202.0
008 250326s9999 xx 000 0 und d
037 _aTextbook
040 _aFMSL
_beng
_cFMSL
041 _aeng
_2eng
084 _qFMSL
100 _aKazmi A
_9743893
245 0 _aBusiness policy
_cKazmi A
260 _aNew Delhi
_bNew Delhi, Tata McGraw Hill
_c1992
300 _a474p
942 _cTB
999 _c1289114
_d1289114